| Tag |
First Indicator |
Second Indicator |
Subfields |
| LEADER |
00000cjm a2200000Ia 4500 |
| 001 |
in00002425003 |
| 005 |
20201128063907.0 |
| 007 |
sd fungnn|||ed |
| 008 |
080714s1971 ja ncn di sla |
| 028 |
0 |
2 |
|a 38303
|b RCA Red Seal
|
| 028 |
0 |
2 |
|a BVCC-38303
|b RCA Red Seal
|
| 035 |
|
|
|a (OCoLC)ocn233874748
|
| 035 |
|
|
|a (OCoLC)233874748
|
| 040 |
|
|
|a KKU
|c KKU
|d UtOrBLW
|
| 041 |
0 |
|
|a chu
|e jpn
|g jpn
|g eng
|
| 049 |
|
|
|a TXAM
|
| 090 |
|
|
|a M3.P46
|b U87 2003
|
| 100 |
1 |
|
|a Penderecki, Krzysztof,
|d 1933-2020.
|
| 240 |
1 |
0 |
|a Utrenja.
|p Z±oçzenie do grobu
|
| 245 |
1 |
0 |
|a Utrenja :
|b The entombment of Christ /
|c Krzysztof Penderecki. Sinfonia, Janiculum, op. 113 (Symphony no. 9) / Vincent Persichetti.
|
| 246 |
3 |
0 |
|a Entombment of Christ
|
| 264 |
|
1 |
|a Tokyo, Japan :
|b RCA Red Seal ;
|a [Place of publication not identified] :
|b ArkivCD,
|c [2003]
|
| 264 |
|
4 |
|c ℗2003
|
| 300 |
|
|
|a 1 sound disc :
|b digital ;
|c 4 3/4 in.
|
| 306 |
|
|
|a 004011
|a 002313
|
| 336 |
|
|
|a performed music
|b prm
|2 rdacontent
|
| 337 |
|
|
|a audio
|b s
|2 rdamedia
|
| 338 |
|
|
|a audio disc
|b sd
|2 rdacarrier
|
| 500 |
|
|
|a 1st work is a setting of morning prayers of the Eastern Orthodox Church for the Saturday before Easter, sung in Old Slavonic.
|
| 511 |
1 |
|
|a Stefania Woytowicz, soprano ; Kerstin Meyer, mezzo-soprano ; Seth McCoy tenor ; Bernard Ladysz, Peter Lagger, basses ; Temple University Choirs (1st work) ; Philadelphia Orchestra ; Eugene Ormandy, conductor (1st-2nd works).
|
| 518 |
|
|
|a Recorded in Philadelphia, Sep. 28 and Oct. 1, 1970 (1st work); Mar. 16, 1971 (2nd work).
|
| 500 |
|
|
|a Originally released by RCA Japan on SRA-2814 in 1971 (1st work) and SRA-2837 in 1972 (2nd work).
|
| 500 |
|
|
|a Compact disc.
|
| 500 |
|
|
|a "Eugene Ormandy & the Philadelphia Orchestra edition III, volume 20"--Container.
|
| 500 |
|
|
|a Durations: 40:11, 23:13.
|
| 500 |
|
|
|a Biographical notes, program notes, and text of 1st work in Japanese (12 pages) inserted in container.
|
| 500 |
|
|
|a Sound recording.
|
| 650 |
|
0 |
|a Oratorios.
|
| 650 |
|
0 |
|a Choruses, Sacred (Mixed voices) with orchestra.
|
| 650 |
|
0 |
|a Symphonies.
|
| 700 |
1 |
|
|a Woytowicz, Stefania,
|e performer.
|
| 700 |
1 |
|
|a Meyer, Kerstin,
|e performer.
|
| 700 |
1 |
|
|a McCoy, Seth,
|d 1928-1997
|e performer.
|
| 700 |
1 |
|
|a Ladysz, Bernard,
|e performer.
|
| 700 |
1 |
|
|a Lagger, Peter,
|e performer.
|
| 700 |
1 |
|
|a Ormandy, Eugene,
|d 1899-1985,
|e performer.
|
| 700 |
1 |
2 |
|a Persichetti, Vincent,
|d 1915-1987.
|t Symphonies,
|n no. 9, op. 113.
|
| 710 |
2 |
|
|a Philadelphia Orchestra,
|e performer.
|
| 710 |
2 |
|
|a Temple University.
|b Choir,
|e performer.
|
| 710 |
2 |
|
|a Orthodox Eastern Church.
|t Epitaphios thråenos.
|
| 948 |
|
|
|a cataloged
|b h
|c 2008/11/11
|d c
|e bhartsfi
|f 2:46:11 pm
|
| 994 |
|
|
|a C0
|b TXA
|
| 999 |
|
|
|a MARS
|
| 999 |
f |
f |
|s 281179b5-763e-3391-8f4c-0a8506e2de51
|i 38aac288-bc49-3a50-906d-9e55d64779c3
|t 0
|
| 952 |
f |
f |
|p ric
|a Texas A&M University
|b Rellis Campus
|c Joint Library Facility
|d Remote Storage
|t 0
|e M3.P46 U87 2003
|h Library of Congress classification
|i audio -- audio disc
|m A14837529456
|
| 998 |
f |
f |
|a M3.P46 U87 2003
|t 0
|l Remote Storage
|